000 00783cam a22002533a 4500
001 4775
003 PGUSA
005 20140828083108.0
008 031201s2003||||xxu|||||s|||||000 p eng d
040 _aPGUSA
_beng
042 _adc
050 4 _aPA
100 1 _aTheocritus,
_d-300--260
245 1 0 _aTheocritus, Bion and Moschus, Rendered into English Prose
_h[electronic resource] /
_cTheocritus
260 _bProject Gutenberg,
_c2003
506 _aPublic domain in the USA.
516 _aElectronic text
653 _aPastoral poetry, Greek -- Translations into English
653 _aGreek poetry -- Translations into English
700 1 _aLang, Andrew,
_d1844-1912
830 0 _aProject Gutenberg
_v4775
856 4 0 _uhttp://www.gutenberg.org/ebooks/4775
942 _cEB
999 _c234104
_d234104